000 00752nam a2200241 i 4500
001 18868
003 ES-MaACL
005 20250809035209.0
007 t|
008 020404s2000 sp ||||0| spa j
020 _a84-8442-169-4
040 _aM-BN
_bspa
_cM-BN
080 _a343(460)(075.8)
100 1 _aMuñoz Conde, Francisco.
_984376
245 1 0 _aDerecho penal.
_pParte general /
_cFrancisco Muñoz Conde, Mercedes García Arán.
250 _a4ª ed., rev. y puesta al día.
260 _aValencia :
_bTirant lo Blanch,
_c2000.
300 _a703 p. ;
_c24 cm.
650 0 4 _aDerecho penal-
_zEspaña
_911752
700 1 _aGarcía Arán, Mercedes.
_954174
852 _aES-MaACL
_jL-25351
_bR.131096
999 _c18868
_d18868